000 00828cad a22001935a 4500
001 L156097
008 120430e20120425xxk 000 0 eng d
035 _a(Sirsi) u156097
041 0 _aeng
110 2 _aHalifax
_95942
245 0 0 _aPublic confidence in the housing market continues to rise
_h[electronic resource]
490 _aHalifax Press Release
_v25 April 2012
520 _aAccording to the Halifax Housing Market Confidence Tracker which monitors public sentiment in the UK housing market, public confidence in the outlook for the market continues to rise.
590 _aKA
651 4 _aUNITED KINGDOM
690 _aResidential property
_96266
856 4 0 _uhttps://www.lloydsbankinggroup.com/media/pdfs/halifax/2012/2504_Confidence.pdf
_zView this item free of charge at www.lloydsbankinggroup.com
942 _n0
999 _c83949
_d83949